Mixed Word: Growing O Words Quiz Stats

 Plays Quiz Updated Apr 23, 2012

Support Sporcle.
Go Orange.
Score 0/13 Timer 03:00
0 Plays Today
Scramble Word % Correct
FOOF
100%
DOLOLD
99.4%
VENOOVEN
97.4%
REDORORDER
93%
GYNXOEOXYGEN
91.8%
CHRISTOOSTRICH
53.3%
IMNOSINCETOMNISCIENT
49.2%
OLOTEEBSOBSOLETE
38.8%
REVOCHIVEAREOVERACHIEVER
27.9%
RIZAGOLTIOANANORGANIZATIONAL
27.9%
TRAPINOEOOPERATION
19.6%
POPNUTSCOTIIROPPORTUNISTIC
18.6%
BRAVESROOTYOBSERVATORY
17%

From the Vault

City Nicknames

by Derek

It is funny how all the cities on this list have really glamorous and positive nicknames, no one wants to be known as the Toilet Bowl of the West.
Remove Ads.
Support Sporcle.
Get the best of Sporcle when you Go Orange. This ad-free experience offers more features, more stats, and more fun while also helping to support Sporcle. Thank you for becoming a member.

Show Comments

Extras

Top Quizzes Today


Score Distribution

Your Account Isn't Verified!

In order to create a playlist on Sporcle, you need to verify the email address you used during registration. Go to your Sporcle Settings to finish the process.

Report this User

Report this user for behavior that violates our Community Guidelines.

Details: